| 000 -LEADER |
| fixed length control field |
01151nam a22002897a 4500 |
| 005 - DATE AND TIME OF LATEST TRANSACTION |
| control field |
20260416130718.0 |
| 008 - FIXED-LENGTH DATA ELEMENTS--GENERAL INFORMATION |
| fixed length control field |
260414b xxu||||| |||| 00| 0 eng d |
| 040 ## - CATALOGING SOURCE |
| Transcribing agency |
Cagayan State University |
| 082 ## - DEWEY DECIMAL CLASSIFICATION NUMBER |
| Classification number |
791.4372 |
| Item number |
791.43 G75 2026 |
| 245 ## - TITLE STATEMENT |
| Title |
Grizzly Night / |
| Statement of responsibility, etc |
directed by Burke Doeren ; produced by Lauren Call, Burke Doeren, Kellie Doeren ; written by Bo Bean, Katrina Mathewson, Tanner Bean. |
| 260 ## - PUBLICATION, DISTRIBUTION, ETC. (IMPRINT) |
| Place of publication, distribution, etc |
United States : |
| Name of publisher, distributor, etc |
Saban Films |
| Date of publication, distribution, etc |
2026. |
| 300 ## - PHYSICAL DESCRIPTION |
| Extent |
1 videofile, (ca 87 mins) |
| Other physical details |
sound, color. |
| 520 ## - SUMMARY, ETC. |
| Summary, etc |
A suspenseful thriller centered on a deadly encounter involving a grizzly bear, where survival becomes a fight against both nature and human fear. |
| 546 ## - LANGUAGE NOTE |
| Language note |
In English subtitle. |
| 650 ## - SUBJECT ADDED ENTRY--TOPICAL TERM |
| Topical term or geographic name as entry element |
Drama films. |
| 650 ## - SUBJECT ADDED ENTRY--TOPICAL TERM |
| Topical term or geographic name as entry element |
Survival films. |
| 700 ## - ADDED ENTRY--PERSONAL NAME |
| Personal name |
Doeren, Burke, director and producer. |
| 700 ## - ADDED ENTRY--PERSONAL NAME |
| Personal name |
Bean, Bo, writer. |
| 700 ## - ADDED ENTRY--PERSONAL NAME |
| Personal name |
Mathewson, Katrina, writer. |
| 700 ## - ADDED ENTRY--PERSONAL NAME |
| Personal name |
Bean, Tanner, writer. |
| 700 ## - ADDED ENTRY--PERSONAL NAME |
| Personal name |
Call, Lauren, producer. |
| 700 ## - ADDED ENTRY--PERSONAL NAME |
| Personal name |
Doeren, Kellie, producer. |
| 700 ## - ADDED ENTRY--PERSONAL NAME |
| Personal name |
Esten, Charles, star. |
| 700 ## - ADDED ENTRY--PERSONAL NAME |
| Personal name |
FehrBrec, Oded, star. |
| 700 ## - ADDED ENTRY--PERSONAL NAME |
| Personal name |
Bassinger, Brec, star. |
| 942 ## - ADDED ENTRY ELEMENTS (KOHA) |
| Source of classification or shelving scheme |
|
| Item type |
Audio-Visual Materials |